| 000 | 00424nam a2200169Ia 4500 | ||
|---|---|---|---|
| 999 |
_c167 _d167 |
||
| 020 | _a0582-48049-3 | ||
| 082 | _a300.72 SHI-; | ||
| 100 | _aShipman, M.D. | ||
| 245 | 0 | _aLimitations of social research | |
| 260 |
_aLondon _bLongman _c1972 |
||
| 300 | _a195p. | ||
| 504 | _aIncludes index | ||
| 650 | _aResearch - Methodology | ||
| 650 | _aSocial sciences - Experiments | ||
| 650 | _aSocial sciences - Research | ||
| 942 | _cBK | ||